| 000 | 00000nam 2200000zi 4500 |
| 001 | 9.896937 |
| 003 | CaOODSP |
| 005 | 20240405135038 |
| 006 | m o d f |
| 007 | cr |n||||||||| |
| 008 | 210225e198403##oncd||| ob f00| 0|eng d |
| 040 | |aCaOODSP|beng|erda|cCaOODSP |
| 043 | |an-cn--- |
| 086 | 1 |aST51-141/1984E-PDF |
| 245 | 00|aAlternative fuel cost study / |cby R.F. Webb Corporation Ltd., Padgett Process Services Ltd., William G. Matthews Associates Ltd. |
| 264 | 1|a[Ottawa] : |bMinistry of State for Science and Technology, |cMarch 1984. |
| 300 | |a1 online resource (1 volume (various pagings)) : |bcharts |
| 336 | |atext|btxt|2rdacontent |
| 337 | |acomputer|bc|2rdamedia |
| 338 | |aonline resource|bcr|2rdacarrier |
| 500 | |aDigitized edition from print [produced by Innovation, Science and Economic Development Canada]. |
| 504 | |aIncludes bibliographical references. |
| 650 | 0|aFuel|xResearch|zCanada. |
| 650 | 0|aPower resources|xCosts. |
| 650 | 6|aCombustibles|xRecherche|zCanada. |
| 650 | 6|aRessources énergétiques|xCoût. |
| 710 | 1 |aCanada. |bMinistry of State, Science and Technology, |eissuing body. |
| 710 | 1 |aR.F. Webb Corporation, |econsultant. |
| 710 | 1 |aPadgett Process Services Ltd., |econsultant. |
| 710 | 1 |aWilliam G. Matthews Associates Ltd., |econsultant. |
| 856 | 40|qPDF|s5.00 MB|uhttps://publications.gc.ca/collections/collection_2024/isde-ised/st51/ST51-141-1984-eng.pdf |